Año virgíneo cuyos días son finezas de la gran reyna del cielo María Santísima Virgen, Madre del Altísimo,...

Detalles Bibliográficos
Autor principal: DOLZ DEL CASTELLAR
Formato: Libro
Publicado: Madrid 1716
Materias:
Colección:Banco de datos
Acervo:Biblioteca del Convento de Santa Mónica de la Ciudad de Puebla. Puebla
Descripción Física:2a. parte
Tema general:Mariología
Notas:Regular. Ex libris manuscrito del Convento de Santa Mónica. F4, 19.
LEADER 00793nam a22002050004500
035 |a 51967 
036 |a 1735 
100 1 |a DOLZ DEL CASTELLAR 
245 1 0 |a Año virgíneo cuyos días son finezas de la gran reyna del cielo María Santísima Virgen, Madre del Altísimo,... 
260 |a Madrid  |b ed. Francisco Lasso, imp. Antonio González de Reyes  |c 1716 
300 |a 2a. parte 
500 |a Regular. Ex libris manuscrito del Convento de Santa Mónica. F4, 19. 
650 1 0 |a Mariología 
949 |a CRP-SM 
959 |a Ex convento de Santa Mónica. Puebla, Puebla  |b CCC5 
960 |a Convento de Santa Mónica de la ciudad de Puebla  |b DD88 
961 |a Franciscana  |b OF 
942 |c CRP-SM 
943 |g Biblioteca del Convento de Santa Mónica de la Ciudad de Puebla. Puebla 
999 |c 962305  |d 962305